Constitucion de la nación argentina

Guardado en:
Formato: Libro
Publicado: Buenos Aires : Mawis, 1994
Materias:
Etiquetas: Agregar Etiqueta
Sin Etiquetas, Sea el primero en etiquetar este registro!
LEADER 01233nam a22002535a 4500
001 CEM.cems008526
008 130507s1994##################000#0#####d
005 20211210185110.0
003 CEMS
245 0 0 |a Constitucion de la nación argentina 
260 |a Buenos Aires :  |b Mawis,  |c 1994 
300 |a 59 p. 
500 |a Santa Fé - Paraná : 1994. 
505 0 |a NO incluye el Preámbulo -- Declaraciones, derechos y Garantías -- Nuevos derechos y garantías -- Autoridades de la Nación -- Gobiernos de Provincia -- Disposiciones transitorias 
082 0 4 |a Z342.82 
653 |a Constitución 
653 |a Constitución argentina 
859 |a CEMS  |b BIB. CEMS - Agricultura  |h 342.82  |i Ar37-3  |p A18173.95  |t Ej.1 
859 |a CEMS  |b BIB. CEMS - 11 de abril  |h 342.82  |i Ar37-10  |p 18001.94  |t Ej.1  |v 1994  |3 1994 
859 |a CEMS  |b BIB. CEMS - 11 de abril  |h 342.82  |i Ar37-10  |p 18002.94  |t Ej.2  |v 1994  |3 1994 
859 |a CEMS  |b BIB. CEMS - 11 de abril  |h 342.82  |i Ar37-10  |p 18003.94  |t Ej.3  |v 1994  |3 1994 
859 |a CEMS  |b BIB. CEMS - 11 de abril  |h 342.82  |i Ar37-10  |p 18004.94  |t Ej.4  |v 1994  |3 1994 
859 |a CEMS  |b BIB. CEMS - 11 de abril  |h 342.82  |i Ar37-10  |p 18005.94  |t Ej.5  |v 1994  |3 1994 
859 |a CEMS  |b BIB. CEMS - 11 de abril  |h 342.82  |i Ar37-10  |p 18964.96  |t Ej.6  |v 1994  |3 1994